Introductory physics experiments /

Bibliographic Details
Main Author: Taylor, G. R. (Graham R.)
Format: Book
Language:English
Published: [Winston-Salem, N.C.] : Hunter Textbooks Co., [1977]
Subjects:

MARC

Tag First Indicator Second Indicator Subfields
LEADER 00000cam a22000007i 4500
001 in00000013785
005 20151007052430.0
008 790710s1977 ncu 00000 eng d
010 |a  77083250  
020 |a 089459009X (pbk.) :  |c 8.50 
035 |a (OCoLC)05153713 
035 |9 AAA7754AM 
040 |a APL  |c APL  |d TXA  |d UtOrBLW 
049 |a TXAM  |c [A12586166] 
050 4 |a QC33  |b .T39 1977 
100 1 |a Taylor, G. R.  |q (Graham R.) 
245 1 0 |a Introductory physics experiments /  |c G.R. Taylor. 
264 1 |a [Winston-Salem, N.C.] :  |b Hunter Textbooks Co.,  |c [1977] 
264 4 |c ©1977 
300 |a 1 volume (looseleaf) :  |b illustrations ; 28 cm. 
336 |a text  |b txt  |2 rdacontent 
337 |a unmediated  |b n  |2 rdamedia 
338 |a volume  |b nc  |2 rdacarrier 
650 0 |a Physics  |x Experiments. 
999 |a MARS 
999 f f |s 59127fb2-2232-3be0-9e8b-3eda065148b4  |i 4b68d144-da0e-31a2-af1b-981e6725fa22  |t 0 
952 f f |p ric  |a Texas A&M University  |b Rellis Campus  |c Joint Library Facility  |d Remote Storage  |t 0  |e QC33 .T39 1977  |h Library of Congress classification  |i unmediated -- volume  |m A14812586166 
998 f f |a QC33 .T39 1977  |t 0  |l Remote Storage